Bài tập - Bài giải phân tích hoạt động kinh doanh
Trình bày đối tượng, phương pháp và tổ chức hoạt động kinh doanh; phân tích kết quả sản xuất kinh doanh, các yếu tố kinh doanh, chi phí và giá thành sản phẩm, tình hình tiêu thụ và lợi nhuận, các dự án đầu tư dài hạn trong hoạt động kinh doa...
Kaydedildi:
| Yazar: | |
|---|---|
| Materyal Türü: | Kitap |
| Dil: | Undetermined |
| Baskı/Yayın Bilgisi: |
Hà Nội
Hồng Đức
2012
|
| Konular: | |
| Etiketler: |
Etiketle
Etiket eklenmemiş, İlk siz ekleyin!
|
| Thư viện lưu trữ: | Trung tâm Học liệu Trường Đại học Cần Thơ |
|---|
| LEADER | 00953nam a2200193Ia 4500 | ||
|---|---|---|---|
| 001 | CTU_230222 | ||
| 008 | 210402s9999 xx 000 0 und d | ||
| 082 | |a 658.1511 | ||
| 082 | |b D557 | ||
| 100 | |a Phạm, Văn Dược | ||
| 245 | 0 | |a Bài tập - Bài giải phân tích hoạt động kinh doanh | |
| 245 | 0 | |c Phạm Văn Dược | |
| 260 | |a Hà Nội | ||
| 260 | |b Hồng Đức | ||
| 260 | |c 2012 | ||
| 520 | |a Trình bày đối tượng, phương pháp và tổ chức hoạt động kinh doanh; phân tích kết quả sản xuất kinh doanh, các yếu tố kinh doanh, chi phí và giá thành sản phẩm, tình hình tiêu thụ và lợi nhuận, các dự án đầu tư dài hạn trong hoạt động kinh doanh. | ||
| 650 | |a Hoạt động kinh doanh,Business enterprises | ||
| 904 | |i Hải | ||
| 980 | |a Trung tâm Học liệu Trường Đại học Cần Thơ | ||